000 00551 a2200193 4500
001 61709
005 20260407155907.0
008 260407a1955 arg spa d
003 AR-UNSa-BCEJYS
040 _aAR-UNSa-BCEJYS
_bspa
_cAR-UNSa-BCEJYS
080 _a347.7
_xDerecho Mercantil. Derecho Comercial
245 1 0 _aDerecho comercial
_pEmpresas (Sociedades)
264 1 _aBuenos Aires :
_bPerrot
_c1955
300 _a473 p.
_c23 cm.
041 _aspa
942 _cBK
590 _aniveau_biblio:m niveau_hierar:0
100 1 _aVarangot, Carlos Jorge
999 _c7369
_d7369